El rostro del sueño /

Uloženo v:
Podrobná bibliografie
Hlavní autor: Spota, Luis (autor)
Médium: Kniha
Jazyk:španělština
Vydáno: México : Grijalbo, 1979, c1979
Tagy: Přidat tag
Žádné tagy, Buďte první, kdo vytvoří štítek k tomuto záznamu!

MARC

LEADER 00000nam^a2200000^a^4500
001 000427921
005 20250526000000.0
009 20260310122819.305
020 |a 968-419-080-8 
037 |a Acervo ITESO - Biblioteca 
041 |a ESP 
091 |a FHM. 03639 
100 |a Spota, Luis  |e (autor) 
245 1 3 |a El rostro del sueño / 
264 4 |a México :  |b Grijalbo,  |c 1979, c1979 
300 |a 407 p. ;  |c 19.5 cm. 
336 |a texto  |b txt  |2 rdacontenido 
337 |a sin mediación  |b n  |2 rdamedio 
338 |a volumen  |b nc  |2 rdasoporte 
649 |a XX 
910 |a Fondo Hugo B. Margáin 
920 |a Impresos - Libros 
930 |a Libros Antiguos y Raros 
940 |a Literatura 
905 |a 126 
901 |a 0500312703  |b IT2  |c LRA  |i D108035  |u 20250526 
902 |a https://opac.biblio.iteso.mx/vufind/Record/000427921